Normal view
MARC view
- الفقة الحنبلي
Entry Topical Term
001 - CONTROL NUMBER
- control field: 43502
003 - CONTROL NUMBER IDENTIFIER
- control field: JO-AjAnu
005 - DATE AND TIME OF LATEST TRANSACTION
- control field: 20230606081217.0
008 - FIXED-LENGTH DATA ELEMENTS
- fixed length control field: 230606|| aca||aabn | a|a d
040 ## - CATALOGING SOURCE
- Original cataloging agency: JO-AjAnu
- Transcribing agency: JO-AjAnu
150 ## - HEADING--TOPICAL TERM
- Topical term or geographic name entry element: الفقة الحنبلي
670 ## - SOURCE DATA FOUND
- Source citation: Work cat.: (JO-AjAnu)22274: تاليف المقدسي، مرعي بن يوسف؛ تحقيق محمود حسن أبو ناجي الشيباني, author 43501, كتاب دليل الطالب لنيل المطالب على مذهب إمام الأمة وناصر السنة ابي عبدالله أحمد بن حنبل الشيباني